<?xml version="1.0" encoding="UTF-8"?>
<marc:record xmlns:marc="http://www.loc.gov/MARC21/slim">
   <marc:leader>00000nam a2200000 a 4500</marc:leader>
   <marc:datafield ind1="1" ind2=" " tag="100">
      <marc:subfield code="a">Kinghorn, Judith</marc:subfield>
      <marc:subfield code="4">aut</marc:subfield>
      <marc:subfield code="e">Verfasser/-in</marc:subfield>
   </marc:datafield>
   <marc:datafield ind1="0" ind2="0" tag="245">
      <marc:subfield code="a">Das Erbe von Temple Hill</marc:subfield>
   </marc:datafield>
   <marc:datafield ind1=" " ind2="1" tag="264">
      <marc:subfield code="b">Blanvalet Verlag</marc:subfield>
      <marc:subfield code="c">2014</marc:subfield>
   </marc:datafield>
   <marc:datafield ind1="1" ind2=" " tag="520">
      <marc:subfield code="a">England, Sommer 1911.
Als die mysteriöse Cora, von allen nur die "Contessa" genannt, auf dem verlassenen Gut "Temple Hill" ankommt, ist das ganze Dorf in Aufruhr. Doch niemand ist faszinierter von der alten Dame als Cecily Chadwick. Als Coras attraktiver Enkel Jack die junge Frau einlädt, ist sie Feuer und Flamme, denn sie erhofft sich, mehr über die geheimnisvolle Frau zu erfahren. Doch auch Jack geht ihr kaum mehr aus dem Kopf, und bald wird Cecily klar: es könnte der aufregendste - und romantischste - Sommer ihres Lebens werden.</marc:subfield>
   </marc:datafield>
   <marc:datafield ind1=" " ind2=" " tag="020">
      <marc:subfield code="a">9783442383405</marc:subfield>
      <marc:subfield code="9">9783442383405</marc:subfield>
   </marc:datafield>
</marc:record>
